Trouve le pilote de F1 (lettre A) - Statistiques

Statistiques générales
  • Ce quiz a été pris 59 fois
  • Le résultat moyen est 5 sur 10
Statistiques - réponses
Par images Réponse % Correct
Alexander Albon
95%
Fernando Alonso
91%
Jean Alesi
81%
Alberto Ascari
65%
Mario Andretti
35%
René Arnoux
35%
Michele Alboreto
28%
Jack Aitken
26%
Philippe Alliot
7%
Chris Amon
2%
Aucun quiz correspondant
Distribution des résultats
% des personnes avec chaque résultat
Percentile par nombre de réponses
Votre historique - résultats
Vous n’avez pas pris ce quiz